Catechismus ex decreto Concilii Tridentini ad parochos, Pii V. Pont. Max. Primum, nunc Sanctiss. D. N. Clementis XIII iussu editus

Detalles Bibliográficos
Formato: Libro
Publicado: Roma 1761
Materias:
Colección:Banco de datos
Acervo:Biblioteca del Ex Convento de Nuestra Señora de Guadalupe. Zacatecas
Tema general:Pastoral
Notas:Regular. I,11,11(269). Ex libris manuscrito del P. Cabrera en la hoja de título y en la portada. Sin marca de fuego
LEADER 00821nam a22001810004500
035 |a 38897 
036 |a 81 
245 1 0 |a Catechismus ex decreto Concilii Tridentini ad parochos, Pii V. Pont. Max. Primum, nunc Sanctiss. D. N. Clementis XIII iussu editus 
260 |a Roma  |b imp. Ioan. Bapt. Bernabó, y Iosephi Lazarini  |c 1761 
500 |a Regular. I,11,11(269). Ex libris manuscrito del P. Cabrera en la hoja de título y en la portada. Sin marca de fuego 
650 1 0 |a Pastoral 
949 |a CRZ-CG 
959 |a Ex convento de Nuestra Señora de Guadalupe, Museo Regional de Zacatecas, Zacatecas  |b CCC4 
960 |a Convento de Nuestra Señora de Guadalupe, Zacatecas  |b DD87 
961 |a Franciscana  |b OF 
942 |c CRZ-CG 
943 |g Biblioteca del Ex Convento de Nuestra Señora de Guadalupe. Zacatecas 
999 |c 963024  |d 963024